Batallas del libre-pensamiento (Record no. 158166)

MARC details
000 -LEADER
campo de control de longitud fija 00892nam a22002175i 4500
001 - NÚMERO DE CONTROL
campo de control 158166
003 - IDENTIFICADOR DE NÚMERO DE CONTROL
campo de control ES-MaACL
005 - FECHA Y HORA DE LA ÚLTIMA TRANSACCIÓN
campo de control 20250728095020.0
008 - DATOS DE LONGITUD FIJA--INFORMACIÓN GENERAL
campo de control de longitud fija 040824s1885 sp |||| | spa d
040 ## - FUENTE DE CATALOGACIÓN
Centro catalogador/agencia de origen CAM
Lengua de catalogación spa
Centro/agencia transcriptor CAM
100 1# - ENTRADA PRINCIPAL--NOMBRE DE PERSONA
Nombre de persona Lozano, Fernando (
Fechas asociadas al nombre 1844-1935)
9 (RLIN) 74416
245 10 - MENCIÓN DEL TÍTULO
Título Batallas del libre-pensamiento
Resto del título : segunda coleccion de artículos publicados en Las Dominicales bajo este seudónimo /
Mención de responsabilidad, etc. por Demófilo.
260 ## - PUBLICACIÓN, DISTRIBUCIÓN, ETC.
Lugar de publicación, distribución, etc. Madrid :
Nombre del editor, distribuidor, etc. [s.n.],
Fecha de publicación, distribución, etc. 1885 (
Fabricante Tipografía de Alfredo Alonso)
300 ## - DESCRIPCIÓN FÍSICA
Extensión XVI, 183 p. ;
Dimensiones 19 cm.
490 1# - MENCIÓN DE SERIE
Mención de serie Biblioteca del libre-pensamiento ;
Designación de volumen o secuencia 3
594 ## - Nota al título y mención de responsabilidad
Nota al título y mención de responsabilidad Demófilo es seudónimo de Fernando Lozano.
650 #7 - PUNTO DE ACCESO ADICIONAL DE MATERIA--TÉRMINO DE MATERIA
Término de materia o nombre geográfico como elemento de entrada Liberalismo
Fuente del encabezamiento o término embne
9 (RLIN) 14386
830 0# - PUNTO DE ACCESO ADICIONAL DE SERIE-TÍTULO UNIFORME
Título uniforme Biblioteca del libre-pensamiento ;
Designación de volumen o secuencia 3
9 (RLIN) 188214
852 ## - LOCALIZACIÓN
Ubicación ES-MaACL
Número de control de estantería D-3669
Nota libre -- Enc. hol. conservando la cub. original
-- -- Legado M. de la Fuente
Holdings
Estatus retirado Estado de pérdida Estado de daño No para préstamo Colección Biblioteca de origen Biblioteca actual Ubicación en estantería Fecha de adquisición Fuente de adquisición Total de préstamos Signatura topográfica completa Código de barras Visto por última vez Precio de reemplazo Tipo de ítem Koha
        Libros del s. XIX Biblioteca del Ateneo de Madrid Biblioteca del Ateneo de Madrid Sala Valle Inclán 17/01/2008     D-3669 901165536 23/02/2023 23/02/2023 Libro impreso antiguo